Analýza marketingového prostredia televízie Markíza bakalárska práca

Gespeichert in:
Bibliographische Detailangaben
1. Verfasser: Beňačka, Lukáš
Körperschaft: Obchodná fakulta EU. Katedra marketingu
Weitere Verfasser: Francová, Zuzana, 1971-
Format: Buch
Sprache:Slowakisch
Veröffentlicht: Bratislava 2009
Tags: Tag hinzufügen
Keine Tags, Fügen Sie das erste Tag hinzu!

MARC

LEADER 00000nam$a2200000$$$4500
001 0099645
005 20240318135315.2
041 0 |a slo 
044 |a SK 
245 1 0 |a Analýza marketingového prostredia televízie Markíza  |b bakalárska práca  |c Lukáš Beňačka ; škol. Zuzana Francová 
264 1 |a Bratislava  |c 2009 
300 |a 58 s. 
100 1 |a Beňačka, Lukáš 
700 1 |a Francová, Zuzana, 1971- 
710 2 |a Obchodná fakulta EU. Katedra marketingu